Quizzes
Events
Quiz Creation
Community
Videos
Private Events
Remove Ads
Sign In
Join for FREE
Feedback
Dark Mode
Quiz Categories
Sports
Geography
Music
Movies
Television
Just For Fun
Miscellaneous
History
Literature
Language
Science
Gaming
Entertainment
Religion
Holiday
For Kids
Quiz Lab
Recent
Popular Today
Quiz Kudos Today
Editor Picks
Curator Picks
Quizzes by...
Day
Popularity
Type
Ratings
Length
Year
Community
Subscriptions
Recent Discussions
Orange Saloon
Badges
Playlists
Quests
Create
Leaderboards
Showdown
Live 5
Trivia Bingo
Activity
Puzzle Library
Sporcle Events
Private Events
Virtual Trivia
Globe League
Become a Host
Pub Owners
SporcleCon
Opinionation
Our Games
Videos
Blog
Mobile Apps
Partnerships
Remove Ads and Go Orange
Feedback
Geography
Country
Landmarks
City
State
Population
World
Capital
Continent
Flags
Europe
Africa
Asia
South America
North America
Oceania
Border
Canada
United Kingdom
Topography
United States
Geography
Country
Landmarks
City
State
Population
World
Capital
Continent
Flags
Europe
Africa
Asia
South America
North America
Oceania
Border
Canada
United Kingdom
Topography
United States
Random Quiz
Search Sporcle
×
Quiz Lab
Quiz Lab
Geography
census
Type answers that appear on an image
Type answers that appear on an image
Map
Best Score? Go Orange.
Regions and Counties of Ontario on a Map Stats
Can you name the Regions, Counties, etc. of Ontario on a Map?
By
SpanishSpy
10m
51 Questions
426 Plays
426 Plays
426 Plays
Comments
Comments
Give Quiz Kudos
Give Quiz Kudos
-
- Ratings
hide this ad
Replay
Link that replays current quiz
Next Quiz
Link to next quiz in quiz playlist
You Got
0%
They Got
Avg Score
69%
Avg Friend Score
Upgrade to see
Score Distribution
Jump to the score distribution portion of the page
Score
0/51
Timer
10:00
0
Plays Today
% Correct
Toronto
94.8%
Ottawa
90.8%
Greater Sudbury
88.5%
Thunder Bay
87.8%
Sudbury
86.6%
Niagara
86.4%
York
84.3%
Peel
84%
Hamilton
82.9%
Essex
82.6%
Kenora
81.2%
Bruce
80.8%
Durham
77.2%
Simcoe
76.8%
Waterloo
76.8%
Grey
76.5%
Muskoka
75.8%
Middlesex
73.7%
Algoma
72.8%
Halton
72.8%
Rainy River
72.3%
Huron
72.1%
Peterborough
71.8%
Prince Edward
71.1%
Kawartha Lakes
69.7%
Nipissing
69.2%
% Correct
Parry Sound
68.8%
Wellington
67.8%
Brant
67.1%
Chatham-Kent
66.9%
Manitoulin
66.9%
Lambton
66.2%
Cochrane
65.3%
Norfolk
64.8%
Renfrew
64.8%
Perth
63.4%
Dufferin
63.1%
Northumberland
62.7%
Oxford
62%
Timiskaming
61.3%
Frontenac
60.8%
Haldimand
60.8%
Haliburton
59.6%
Elgin
58.7%
Hastings
58.7%
Leeds and Grenville
55.2%
Lanark
53.3%
Lennox and Addington
50.5%
Prescott and Russell
49.1%
Stormont, Dundas, and Glengarry
48.1%
Brantford
40.4%
Quiz Playlist
Details
Report
Send in Message
Add To Playlist
Map:
Type answers that appear on an image
Quiz Source
Last Updated: Oct 27, 2020
Quiz Scoreboard
CHALLENGE
Sign Up to Join the Scoreboard
Show All
Scores
Hide
Comments
May contain spoilers
Recently Published
Presidents Visiting Landmarks
by Hejman
History
7m
An Introduction to Baseball
by treessimontrees
Sports
5m
Movies - When Are They Set?
by FPL_Elf
Movies
5m
More to Explore
Quiz From the Vault
Featured Blog Post
Where Did the Easter Bunny Come From?
hide this ad
You Might Also Like...
Tags
census
Division
map
ontario
Today's Top Quizzes in Geography
Browse Geography
hide this ad
Today's Top Quizzes in census
Browse census
Top Contributed Quizzes in Geography
1
Countries of the World - No Outlines Minefield
2
Top 25 Cities of France on a map
3
Any capital of a 'B' country per Continent
4
Closest Countries to UK A-Z
5
Any capital of a 'C' country per Continent
6
One Thing in Common: United Kingdom
7
Any capital of a 'D' country per Continent
8
Find the Provinces of Canada - No Outlines Minefield
9
5-to-1: US Geography No Hints
10
Any capital of an 'E' country per Continent
Explore More
Trending Topics
Anime
Disney
Marvel
Harry Potter
NBA
Crossword
Kpop
Song
Puzzle
Pokémon
WWE
Soccer
Country
NFL
The Office
hide this ad
More By:
SpanishSpy
Quiz
Plays
Rating
Category
Featured
Created
Top 30 Cities of Ireland on a Map
66,059
4.11
Geography
Aug 18, 2015
Top 20 Cities of Türkiye on a Map
53,831
4.30
Geography
Jul 25, 2017
Top 20 Cities of Argentina on a Map
51,703
4.52
Geography
Dec 2, 2015
Top 25 Cities of Portugal on a Map
37,959
4.58
Geography
May 7, 2016
Top 20 Cities of South Korea on a Map
35,909
4.69
Geography
Jan 7, 2016
Go to Creator's Profile
Score Distribution
Quiz Creator Spotlight
SpanishSpy
Follow
Send a Message
Quizzes Created
-
Created Quiz Play Count
-
More By This Creator
Popular Quizzes Today
1
Find the US States - No Outlines Minefield
2
Find the Countries of Europe - No Outlines Minefield
3
The Countries of the World
4
Find the US States
5
Popular People in 1961
6
US States
7
Risky Map Clicking: Biggest States A-Z
8
Movies - When Are They Set?
More Geography Quizzes
Finish the City
Published
Trending Quizzes
Risky Map Clicking: Least Populous States A-Z
1-10 Letter G Words
1-10 Letter F Words
Risky Map Clicking: Next State Alphabetically
Risky Map Clicking: Biggest States A-Z
Recently Updated
Leaping Animals
pecheneg
Reality TV Shows (A-Z)
bhenderson79
Rickey Henderson's Hall of Fame Teammates
pecheneg
Champions League XIs: Arsenal
pecheneg
Quick Pick: Celebrities in WWE's Hall of Fame
aduchscher
A-Z Keypad Blitz II
pecheneg
Multiple Oscar Actors
pecheneg
Mystery Phrase Blitz: Oscar 'Best Actors'
pecheneg
F. Scott Fitzgerald Novels
LTH
Pick 3 Villains
ddd62291
Trending Topics
NBA
Anime
Crossword
Kpop
Harry Potter
Disney
Marvel
Puzzle
Country
WWE
Soccer
NFL
The Office
Song
Pokémon
Your Account Isn't Verified!
In order to create a playlist on Sporcle, you need to verify the email address you used during registration. Go to your
Sporcle Settings
to finish the process.
Report this User
Report this user for behavior that violates our
Community Guidelines
.
Details:
Send Report
Go to the Sporcle.com Mobile Site →
Comments